Fundamentals of network security / (Record no. 49875)

MARC details
000 -LEADER
fixed length control field 01023nam a22003137a 4500
005 - DATE AND TIME OF LATEST TRANSACTION
control field 2011011806376.0
008 - FIXED-LENGTH DATA ELEMENTS--GENERAL INFORMATION
fixed length control field 110118t xxu||||| |||| 00| 0 eng d
010 ## - LCCN (DPL NO)
LC control number ENG-101893
020 ## - INTERNATIONAL STANDARD BOOK NUMBER
International Standard Book Number 9780071070935
Terms of availability 525.00
020 ## - INTERNATIONAL STANDARD BOOK NUMBER
International Standard Book Number 0071070931
Terms of availability 525.00
035 ## - SYSTEM CONTROL NUMBER
System control number EN-85426
037 ## - SOURCE OF ACQUISITION
Source of stock number/acquisition DBAD/PUB
040 ## - CATALOGING SOURCE
Original cataloging agency dpl
Language of cataloging Eng
082 ## - DEWEY DECIMAL CLASSIFICATION NUMBER
Classification number 005.8
100 ## - MAIN ENTRY--PERSONAL NAME
Personal name Maiwald, Eric.
9 (RLIN) 25318
245 ## - TITLE STATEMENT
Title Fundamentals of network security /
Statement of responsibility, etc by Eric Maiwald
260 ## - PUBLICATION, DISTRIBUTION, ETC. (IMPRINT)
Place of publication, distribution, etc New Delhi
Name of publisher, distributor, etc Tata McGraw Hill
Date of publication, distribution, etc 2010
270 ## - ADDRESS
Address 7 West Patel Nagar
City New Delhi
Postal code 110008
300 ## - PHYSICAL DESCRIPTION
Extent xxvi,645p.
Dimensions 24cm (pbk)
490 ## - SERIES STATEMENT
Series statement Information security series
-- 25350
500 ## - GENERAL NOTE
General note Includes index.
650 ## - SUBJECT ADDED ENTRY--TOPICAL TERM
Topical term or geographic name as entry element Computer networks
9 (RLIN) 25319
General subdivision Security measures.
650 ## - SUBJECT ADDED ENTRY--TOPICAL TERM
9 (RLIN) 25343
650 ## - SUBJECT ADDED ENTRY--TOPICAL TERM
9 (RLIN) 25349
700 ## - ADDED ENTRY--PERSONAL NAME
9 (RLIN) 25321
700 ## - ADDED ENTRY--PERSONAL NAME
9 (RLIN) 25322
942 ## - ADDED ENTRY ELEMENTS (KOHA)
Source of classification or shelving scheme Dewey Decimal Classification
Item type English Books
Classification part 005.8
Call number suffix MAI
Holdings
Withdrawn status Lost status Source of classification or shelving scheme Damaged status Not for loan Collection code Home library Current library Date acquired Source of acquisition Cost, normal purchase price Total Checkouts Full call number Barcode Date last seen Copy number Cost, replacement price Koha item type
    Dewey Decimal Classification   Not For Loan Non-fiction D.B.Act.Division D.B.Act.Division 18/01/2011 DBAD/PUB 525.00   005.8 MAI EN-85426 18/01/2011 1 525.00 English Books

© Delhi Public Library
Hit Counter
free hit counter